Eastern Utah Libraries Catalog: Duchesne, Heber, Roosevelt, & Vernal

The mighty pterodactyl / (Record no. 381876)

MARC details
000 -LEADER
fixed length control field 02360pam a2200565 i 4500
001 - CONTROL NUMBER
control field 3364335
005 - DATE AND TIME OF LATEST TRANSACTION
control field 20230308140726.0
008 - FIXED-LENGTH DATA ELEMENTS--GENERAL INFORMATION
fixed length control field 210305s2022 mnua b b 001 0 eng
010 ## - LIBRARY OF CONGRESS CONTROL NUMBER
LC control number 2021010496
020 ## - INTERNATIONAL STANDARD BOOK NUMBER
International Standard Book Number 9781728441061
Qualifying information (library binding) :
Terms of availability $26.65
020 ## - INTERNATIONAL STANDARD BOOK NUMBER
International Standard Book Number 1728441064 :
Terms of availability $26.65
020 ## - INTERNATIONAL STANDARD BOOK NUMBER
Cancelled/invalid ISBN 9781728444475
Qualifying information (ebook)
035 ## - SYSTEM CONTROL NUMBER
System control number (OCoLC)1242019152
035 ## - SYSTEM CONTROL NUMBER
System control number (OCoLC)on1242019152
035 ## - SYSTEM CONTROL NUMBER
System control number 3347294
040 ## - CATALOGING SOURCE
Original cataloging agency DLC
Language of cataloging eng
Description conventions rda
Transcribing agency DLC
042 ## - AUTHENTICATION CODE
Authentication code pcc
050 00 - LIBRARY OF CONGRESS CALL NUMBER
Classification number QE862.P7
Item number L44 2022
082 00 - DEWEY DECIMAL CLASSIFICATION NUMBER
Classification number 567.918
Edition number 23
092 ## - LOCALLY ASSIGNED DEWEY CALL NUMBER (OCLC)
Classification number E
999 ## - SYSTEM CONTROL NUMBERS (KOHA)
Koha Dewey Subclass [OBSOLETE] E
100 1# - MAIN ENTRY--PERSONAL NAME
Personal name Leed, Percy,
Dates associated with a name 1968-
Relator term author.
9 (RLIN) 6372950
245 14 - TITLE STATEMENT
Title The mighty pterodactyl /
Statement of responsibility, etc Percy Leed.
264 #1 - Production, Publication, Distribution, Manufacture, and Copyright Notice.
Place of production, publication, distribution, manufacture Minneapolis :
Name of producer, publisher, distributor, manufacturer Bumba books/Lerner Publications,
Date of production, publication, distribution, manufacture, or copyr [2022]
300 ## - PHYSICAL DESCRIPTION
Extent 24 pages :
Other physical details color illustrations ;
Dimensions 24 cm.
336 ## - Content Type
Content type term text
337 ## - Media type
Media type term unmediated
338 ## - Carrier type
Carrier type term volume
490 1# - SERIES STATEMENT
Series statement Mighty dinosaurs
504 ## - BIBLIOGRAPHY, ETC. NOTE
Bibliography, etc Includes bibliographical references (page 24) and index.
520 ## - SUMMARY, ETC.
Summary, etc "Pterodactyl wasn't a dinosaur, but it lived when dinosaurs did. From its four legs to its long beak, this fascinating flying lizard is sure to capture any dino lover's attention!"--
521 0# - TARGET AUDIENCE NOTE
Target audience note K-1
Source Lerner Publications
521 1# - TARGET AUDIENCE NOTE
Target audience note 5-8
Source Brodart.
521 2# - TARGET AUDIENCE NOTE
Target audience note K-3
Source Brodart.
650 #0 - SUBJECT ADDED ENTRY--TOPICAL TERM
Topical term or geographic name as entry element Pterodactyls
Form subdivision Juvenile literature.
9 (RLIN) 5744205
650 #0 - SUBJECT ADDED ENTRY--TOPICAL TERM
Topical term or geographic name as entry element Dinosaurs
Form subdivision Juvenile literature.
9 (RLIN) 5673950
650 #0 - SUBJECT ADDED ENTRY--TOPICAL TERM
Topical term or geographic name as entry element Extinct animals
Form subdivision Juvenile literature.
9 (RLIN) 5734024
650 #1 - SUBJECT ADDED ENTRY--TOPICAL TERM
Topical term or geographic name as entry element Pterodactyls.
9 (RLIN) 90165
650 #1 - SUBJECT ADDED ENTRY--TOPICAL TERM
Topical term or geographic name as entry element Dinosaurs.
650 #1 - SUBJECT ADDED ENTRY--TOPICAL TERM
Topical term or geographic name as entry element Extinct animals.
650 #7 - SUBJECT ADDED ENTRY--TOPICAL TERM
Topical term or geographic name as entry element JUVENILE NONFICTION / Animals / Dinosaurs & Prehistoric Creatures.
Source of heading or term bisacsh
9 (RLIN) 5734025
650 #7 - SUBJECT ADDED ENTRY--TOPICAL TERM
Topical term or geographic name as entry element JUVENILE NONFICTION / History / Prehistoric.
Source of heading or term bisacsh
9 (RLIN) 5733150
650 #7 - SUBJECT ADDED ENTRY--TOPICAL TERM
Topical term or geographic name as entry element JUVENILE NONFICTION / Science & Nature / Fossils.
Source of heading or term bisacsh
9 (RLIN) 5733151
776 08 - ADDITIONAL PHYSICAL FORM ENTRY
Display text Online version:
Main entry heading Leed, Percy, 1968-
Title The mighty pterodactyl
Place, publisher, and date of publication Minneapolis : Lerner Publications , 2022.
International Standard Book Number 9781728444475
Record control number (DLC) 2021010497
830 #0 - SERIES ADDED ENTRY--UNIFORM TITLE
Uniform title Mighty dinosaurs (Bumba Books)
9 (RLIN) 6463677
910 ## - USER-OPTION DATA (OCLC)
User-option data BRO
942 ## - ADDED ENTRY ELEMENTS (KOHA)
Source of classification or shelving scheme Dewey Decimal Classification
Koha item type BOOK
948 ## - LOCAL PROCESSING INFORMATION (OCLC); SERIES PART DESIGNATOR (RLIN)
Series part designator, SPT (RLIN) BFP
b (OCLC) CHILDREN'S
p (OCLC) X132138728
k (OCLC) J
h (OCLC) E
f (OCLC) 1
r (OCLC) 2
g (OCLC) 1
7 (OCLC) 0
u (OCLC) 3
w (OCLC) 11
s (OCLC) 0
o (OCLC) BFP
0 (OCLC) $26.65
y (OCLC) 99
c (OCLC) 94
j (OCLC) Dewey Decimal
n (OCLC) On-Order
e (OCLC) 2120885-1
9 (OCLC) Item generated Feb 9 2023 8:32AM
Holdings
Withdrawn status Lost status Source of classification or shelving scheme Damaged status Not for loan Collection code Home library Current library Shelving location Date acquired Source of acquisition Total Checkouts Total Renewals Full call number Barcode Date last seen Date checked out Cost, replacement price Price effective from Koha item type
    Dewey Decimal Classification     Children NonFiction Wasatch County Library Wasatch County Library Main Floor Childrens Area 12/17/2025 Libraria 1 2 E Animals Dinosaurs Leed 34301002005322 02/18/2026 01/05/2026 19.99 12/17/2025 BOOK
This project was made possible through a grant from the Institute of Museum and Library Service administered by the Utah State Library Division.

Wasatch County Library

  • 465 East 1200 South, Heber City, Utah 84032
  • Phone 435-654-1511 | Fax 435-654-6456

Hours

  • Monday - Friday 9:30 AM - 8:00 PM
  • Saturday 9:30 AM - 1:30 PM
  • Closed Sundays and Holidays